ZKM Gdynia - 181 - Statystyki

Ogólne statystyki
  • Ten quiz został rozwiązany 16 razy
  • Średni wynik to 20 z 25
Statystyki odpowiedzi
Miasto Przystanek Ulica % Poprawnych
Gdynia Kacze Buki Starochwaszczyńska
100%
Sopot 3 Maja Niepodległości
86%
Gdynia Anyżowa Nowowiczlińska
86%
Sopot Cmentarz Niepodległości
86%
Gdynia Dąbrowa Centrum Nowowiczlińska
86%
Gdynia Górnicza Chwaszczyńska
86%
Gdynia Karwiny Nowowiczlińska Nowowiczlińska
86%
Gdynia Karwiny PKM Wielkopolska
86%
Sopot Malczewskiego Niepodległości
86%
Gdynia Myśliwska Chwaszczyńska
86%
Gdynia Nałkowskiej Wielkopolska
86%
Sopot Sopot Reja Niepodległości
86%
Gdynia Źródło Marii Wielkopolska
86%
Sopot Bohaterów Monte Cassino Niepodległości
71%
Sopot Brodwino - Szkoła Malczewskiego
71%
Gdynia Kameliowa Rdestowa
71%
Gdynia Krzemowa Krzemowa
71%
Gdynia Leśna Polana Rdestowa
71%
Gdynia Paprykowa Rdestowa
71%
Gdynia Rdestowa - Leśny Zakątek Rdestowa
71%
Sopot Schronisko Sopotkowo Malczewskiego
71%
Sopot Sopot PKP - Niepodległości Niepodległości
71%
Gdynia Szafranowa Rdestowa
71%
Gdynia Podleśna Sopocka
57%
Gdynia Rdestowa - Kolonia Rdestowa
57%
Nie znaleziono quizów pasujących do podanych kryteriów
Rozkład punktacji
Procent ludzi z każdym wynikiem
Percentyl według liczby udzielonych odpowiedzi
Twoja historia wyników
Nie rozwiązałeś tego quizu